| 000 | 00712nam a2200217 a 4500 | ||
|---|---|---|---|
| 005 | 20210223124502.0 | ||
| 008 | 011023s1998 r 000 0 eng d | ||
| 020 | _a9701811860 | ||
| 035 | _aUPN01000113377 | ||
| 049 | _aCG | ||
| 050 | 4 |
_aTT290 _bZ3.2 |
|
| 100 | 1 | _aZaldívar Guerra, María Luisa Laura | |
| 245 | 1 | 0 |
_aDe maestros, oficiales y aprendices, a maquiladores : _blos talabarteros de Yucatán en 1978 / _cMaría Luisa Laura Zaldívar Guerra. |
| 260 |
_aMéxico : _bINAH, _c1998. |
||
| 300 |
_a225 p. : _bil. |
||
| 440 | 0 |
_aRegiones de México. _pAntropología Social |
|
| 650 | 4 | _aTRABAJOS EN CUERO | |
| 650 | 4 |
_aARTICULOS DE CUERO _92051 |
|
| 650 | 4 |
_aARTESANOS - _zYUCATAN _92037 |
|
| 905 | _aLibro | ||
| 999 |
_c87285 _d87285 |
||